00900nam a2200205Ia 4500008004100000040003800041041000800079084000900087100003900096245012800135260002900263300001900292336002900311337003300340338002800373502010300401942005400504999001500558952012100573250919t1974||||xx |||||||||||||| ||spa|| agtgcuscobspacgtgcuscodgtgcusco aspa aT417 aFlores García, Jorge Luis916196 0aEnfermedad periodontal y otros condicionantes socio-culturales en una muestra representativa de la población de Patzún. aGuatemala :bUSAC,c1974 a96 p. :bil. : atextobtxt2rdacontenido aSin mediaciónbn2rdamedio avolumenbnc2rdasoporte aTesis (Cirujano Dentista) -- Universidad de San Carlos de Guatemala, Facultad de Odontología. -- aBiblioteca Facultad de OdontologíacTESISkT417 c7503d7503 00104070aODONTObODONTOcTesisd2025-09-19i10-H-s.n.l0oT417pT00000437r2025-09-19 07:57:01w2025-09-19yTESIS